Southville International School and Colleges
Your cart is empty.
  • Cart
  • Lists
    Public lists Eva Luna New books Lux_list list_1
    Your lists Log in to create your own lists
  • Log in to your account
  • Your cookies
  • Search history
Southville International School and Colleges
  • Advanced search
  • Recent comments
  • Most popular
  • Libraries

Log in to your account

Log in with GOOGLE


If you do not have an external account, but do have a local account, you can still log in:

  1. Home
  2. MARC view: Anatomy of criticism :
Normal view MARC view ISBD view

Anatomy of criticism : (Record no. 10215)

[ view plain ]
MARC details
000 -LEADER
fixed length control field 00511nam a22001817a 4500
003 - CONTROL NUMBER IDENTIFIER
control field SISC
005 - DATE AND TIME OF LATEST TRANSACTION
control field 20160308085933.0
008 - FIXED-LENGTH DATA ELEMENTS--GENERAL INFORMATION
fixed length control field 130902t xxu||||| |||| 00| 0 eng d
050 ## - LIBRARY OF CONGRESS CALL NUMBER
Classification number PN 75
Item number .F7 1957
082 ## - DEWEY DECIMAL CLASSIFICATION NUMBER
Classification number HS 808.84
Item number F84 1957
100 ## - MAIN ENTRY--PERSONAL NAME
Personal name Frye, Northrop
9 (RLIN) 16249
245 ## - TITLE STATEMENT
Title Anatomy of criticism :
Remainder of title four essays /
Statement of responsibility, etc Northrop Fyre
260 ## - PUBLICATION, DISTRIBUTION, ETC. (IMPRINT)
Place of publication, distribution, etc New Jersey :
Name of publisher, distributor, etc Princeton University Press,
Date of publication, distribution, etc c1957.
300 ## - PHYSICAL DESCRIPTION
Extent 383 p. :
Dimensions 24 cm.
650 ## - SUBJECT ADDED ENTRY--TOPICAL TERM
Topical term or geographic name as entry element Essays
9 (RLIN) 9955
942 ## - ADDED ENTRY ELEMENTS (KOHA)
Source of classification or shelving scheme Library of Congress Classification
Koha item type Books
Holdings
Withdrawn status Lost status Source of classification or shelving scheme Damaged status Home library Current library Shelving location Date acquired Total Checkouts Total Renewals Full call number Barcode Date last seen Date checked out Copy number Price effective from Koha item type
    Library of Congress Classification   Luxembourg Library Luxembourg Library High School Section 09/02/2013 1 3 PN 75 .F7 1957 3980 12/08/2017 09/14/2017 1 09/02/2013 Books

Anatomy of criticism :

APA

Frye N., . (1957). Anatomy of criticism. New Jersey: Princeton University Press.

Chicago

Frye Northrop, . 1957. Anatomy of criticism. New Jersey: Princeton University Press.

Harvard

Frye N., . (1957). Anatomy of criticism. New Jersey: Princeton University Press.

MLA

Frye Northrop, . Anatomy of criticism. New Jersey: Princeton University Press. 1957.

  • Place hold
  • Print
  • Cite
  • Add to your cart (remove)
  • Save record
    BIBTEX Dublin Core MARCXML MARC (non-Unicode/MARC-8) MARC (Unicode/UTF-8) MARC (Unicode/UTF-8, Standard) MODS (XML) RIS
  • More searches
    Search for this title in:
    Other Libraries (WorldCat) Other Databases (Google Scholar) Online Stores (Bookfinder.com) Open Library (openlibrary.org)

Exporting to Dublin Core...

SOUTHVILLE LIBRARY

Southville International School and Colleges Library

1281 Tropical Ave. Cor. Luxembourg St., BF Homes International, Las Pinas City

Tel. No. 8256374 / 252358 Loc. 117/146

Powered by Koha